000 00420nam a2200157Ia 4500
008 210716s2002 xx 000 0 und d
020 _a9788131203071
041 _aeng
082 _a519.2 ROSS
100 _aRoss, Sheldon M.
245 _aProbability models for computer science.
250 _a1
260 _aUSA
_bAcademic Press
_c2002
300 _axii,288
650 _aProbabilities and applied mathematics(519)
999 _c189068
_d189068